| 000 | 00563nam a2200133Ia 4500 | ||
|---|---|---|---|
| 008 | 171212s9999 xx 000 0 und d | ||
| 020 | _a9780833032799 | ||
| 100 | _aBaer, Walter S.;Hassell, Scott;Vollaard, Ben A. | ||
| 245 |
_cBaer, Walter S.;Hassell, Scott;Vollaard, Ben A. _aElectricity Requirements for a Digital Society |
||
| 260 |
_bRAND Corporation _c2002 |
||
| 650 | _aPolitical Science | ||
| 650 | _aTelecommunications systems -- Power supply; Electric power consumption -- United States -- Forecasting | ||
| 856 | _uwww.jstor.org/stable/10.7249/mr1617doe | ||
| 999 |
_c351991 _d351991 |
||